LEADER 01256nam a2200277 a 4500 001 000000156253 003 CaOOAMICUS 005 20161115104942.0 008 161115s1968 it u000 u eng r 032 $aLibriCat 040 $aPUL$bita 100 1 $aSelzer, Eugene P.$0(OLS)http://pul/name/99583 245 10$aRupert of Deutz :$bpreaching the word of God /$cby Eugene P. Selzer. 260 $aRoma :$bPontificio Ateneo S. Anselmo,$c1968. 300 $a82 p. ;$c24 cm. 500 $aIn testa al front.: Pontificium Athenaeum Anselmianum. 502 $aEstratto da tesi -- Pontifical Athenaeum of St. Anselm, Rome. Theology. 1968. 504 $aBibliografia in nota. 600 04$aRupertus Tuitiensis,$cO.S.B.,$d1070/80-1129/30.$0(OLS)http://pul/subject/30427 710 2 $aPontificio ateneo S. Anselmo.$bFacoltą di teologia.$kTesi.$0(OLS)http://pul/name/82348 850 $aPUL 852 $aPUL$W1$xDP1 Tesi Pon. At. S. Anselmo$y29$mTH ANS 105$j179467$qTesi$B182636$CPULBib$Z2$F182636 $H30859 $81 941 1 $a16 996 $6245$aRupert of Deutz :$bpreaching the word of God$9(OLS)http://pul/title/195876 996 $6260$aRoma :$bPontificio Ateneo S. Anselmo$9(OLS)http://pul/publisher/48098 LEADER 01299nam a2200277 a 4500 001 000000169560 003 CaOOAMICUS 005 20180927144003.0 008 180927s1966 it 000 u ita r 032 $aLibriCat 040 $aPul$bita 100 1 $aPaltroni, Pier Antonio.$0(OLS)http://pul/name/109136 245 10$aCommentari della vita et gesti dell'illustrissimo Federico duca d'Urbino / $cPierantonio Paltroni ; a cura di Walter Tommasoli . 260 $aUrbino :$bAccademia Raffaello,$c©1996. 300 $a301 p., [12] c. di tav. : $bill. ; $c23 cm. 490 1 $aStudi e testi 600 04$aFederico da Montefeltro,$cduca d'Urbino,$d1422-1482.$0(OLS)http://pul/subject/24580 700 1 $aTommasoli, Walter.$0(OLS)http://pul/name/109137 830 0$aStudi e testi (Accademia Raffaello).$0(OLS)http://pul/title/210173 850 $aPUL 852 $aPUL$W1$xDP1 Fondo Dalla Palma$y117$m9 H 14$j45214$qFondi$B197566$CPULBib$Z2$F197566 $HDal596 $81 941 1 $a1 960 $aFederico$nII,$cduca d'Urbino,$d1422-1482$924580 996 $6245$aCommentari della vita et gesti dell'illustrissimo Federico duca d'Urbino / $9(OLS)http://pul/title/210172 996 $6260$aUrbino :$bAccademia Raffaello$9(OLS)http://pul/publisher/83932